|
|
|
|
| LEADER |
01256nam a22003017a 4500 |
| 001 |
35496 |
| 003 |
BD-DhAAL |
| 005 |
20211206144313.0 |
| 008 |
200316t1998 enka 001 0 eng d |
| 999 |
|
|
|c 42327
|d 42327
|
| 020 |
|
|
|a 1853963704
|
| 020 |
|
|
|a 9781853963704
|
| 040 |
|
|
|a BD-DhAAL
|
| 082 |
|
|
|a 372.6043
|2 21
|
| 100 |
|
|
|a Merchant, Guy.
|9 39898
|
| 245 |
|
|
|a Co-ordinating primary language and literacy :
|b the subject leader's handbook /
|c Guy Merchant and Jackie Marsh.
|
| 260 |
|
|
|a London :
|b Paul Chapman Publishing,
|c c1998.
|
| 300 |
|
|
|a xi,244 pages :
|b illustrations ;
|c 24 cm.
|
| 504 |
|
|
|a Includes bibliographical references and index.
|
| 650 |
|
|
|a Language arts (Elementary).
|9 39899
|
| 650 |
|
|
|a Literacy.
|9 39900
|
| 650 |
|
|
|a Education, Elementary
|v Curricula.
|9 39901
|
| 650 |
|
|
|a Language arts
|x Study and teaching (Elementary).
|9 39902
|
| 650 |
|
|
|a Language arts (Elementary)
|x Study and teaching.
|9 39903
|
| 700 |
|
|
|a Marsh, Jackie.
|9 39904
|
| 852 |
|
|
|a Ayesha Abed Library
|c BIED Collection
|
| 942 |
|
|
|2 ddc
|c BK
|
| 952 |
|
|
|0 0
|1 0
|2 ddc
|4 0
|6 372_604300000000000_MER
|7 0
|9 68193
|a BRACUL
|b BRACUL
|c GEN
|d 2020-03-16
|e Complimentary copy from BIED
|l 0
|o 372.6043 MER
|p 3010035496
|r 2020-03-16
|t 1
|w 2020-03-16
|y BK
|x Transferred from BIED to General Stacks
|